Pattern Recognition and Machine Learning

Saved in:
Bibliographic Details
Main Author: Bishop
Format: Book
Published: Springer
Tags: Add Tag
No Tags, Be the first to tag this record!

MARC

LEADER 00000nam a2200000Ia 4500
005 20260513122054.0
020 |a 9781493938438 
100 |a Bishop 
365 |c € 
365 |b 28.00 
942 |c BK 
245 |a Pattern Recognition and Machine Learning 
260 |b Springer 
999 |c 114  |d 114 
952 |0 0  |1 0  |4 0  |7 0  |a UNSW  |b UNSW  |d 2026-04-29  |g 74.99  |i 16669  |l 0  |p 000017  |r 2026-05-13 12:20:54  |v 74.99  |w 2026-05-13  |y BK 
952 |0 0  |1 0  |4 0  |7 0  |a UNSW  |b UNSW  |d 2026-04-29  |g 74.99  |i 16670  |l 0  |p 000034  |r 2026-05-13 12:20:54  |v 74.99  |w 2026-05-13  |y BK